|
|
|
|
| LEADER |
03140nam a2200685 i 4500 |
| 001 |
nkc20172879972 |
| 003 |
CZ PrNK |
| 005 |
20181002101332.0 |
| 007 |
ta |
| 008 |
170210s2018 xr ach f 000 0 cze |
| 015 |
|
|
|a cnb002879972
|
| 020 |
|
|
|a 978-80-270-1264-0
|q (vázáno) :
|c neprodejné
|
| 035 |
|
|
|a (OCoLC)1051234353
|
| 040 |
|
|
|a OLA001
|b cze
|e rda
|
| 043 |
|
|
|a e-xr---
|
| 045 |
|
|
|a w5y1
|
| 072 |
|
7 |
|a 334
|x Formy organizace a spolupráce v ekonomice
|2 Konspekt
|9 4
|
| 080 |
|
|
|a 347.731.4
|2 MRF
|
| 080 |
|
|
|a 334.788
|2 MRF
|
| 080 |
|
|
|a 061-027.561
|2 MRF
|
| 080 |
|
|
|a (437.3)
|2 MRF
|
| 080 |
|
|
|a (048.8:082)
|2 MRF
|
| 080 |
|
|
|a (082.2)
|2 MRF
|
| 100 |
1 |
|
|a Brom, Bohumír,
|d 1957-
|7 xx0176744
|4 aut
|
| 245 |
1 |
0 |
|a Hospodářská komora České republiky včera a dnes 1850-2017 :
|b kapitoly z historie živnostenských, obchodních a hospodářských komor a živnostenských společenstev v českých zemích v letech 1850-2017 /
|c Bohumír Brom, Ivana Hrdinová, Robert Lukášek a kolektiv
|
| 246 |
3 |
0 |
|a Kapitoly z historie živnostenských, obchodních a hospodářských komor a živnostenských společenstev v českých zemích v letech 1850-2017
|
| 250 |
|
|
|a Vydání první
|
| 264 |
|
1 |
|a Praha :
|b Hospodářská komora České republiky,
|c 2018
|
| 300 |
|
|
|a 279 stran :
|b ilustrace (převážně barevné), portréty, faksimile ;
|c 31 cm
|
| 336 |
|
|
|a text
|b txt
|2 rdacontent
|
| 337 |
|
|
|a bez média
|b n
|2 rdamedia
|
| 338 |
|
|
|a svazek
|b nc
|2 rdacarrier
|
| 500 |
|
|
|a Obálkový podnázev: historie
|
| 500 |
|
|
|a Na obálce pod názvem: Hospodářská komora České republiky - 25 let
|
| 504 |
|
|
|a Obsahuje bibliografii a bibliografické odkazy
|
| 610 |
2 |
7 |
|a Hospodářská komora České republiky
|7 kn20010724178
|2 czenas
|
| 648 |
|
7 |
|a 19.-21. století
|7 ch757016
|2 czenas
|
| 648 |
|
4 |
|a 1850-2017
|
| 650 |
0 |
7 |
|a hospodářské komory
|7 ph118308
|z Česko
|y 19.-21. století
|2 czenas
|
| 650 |
0 |
7 |
|a obchodní komory
|7 ph123555
|z Česko
|y 19.-21. století
|2 czenas
|
| 650 |
0 |
7 |
|a živnostenské komory
|7 ph128017
|z Česko
|y 19.-21. století
|2 czenas
|
| 650 |
0 |
7 |
|a profesní organizace
|7 ph198718
|z Česko
|2 czenas
|
| 650 |
0 |
7 |
|a profesní organizace
|7 ph198718
|x dějiny
|2 czenas
|
| 650 |
0 |
9 |
|a economic chambers
|z Czechia
|y 19th-21st centuries
|2 eczenas
|
| 650 |
0 |
9 |
|a chambers of commerce
|z Czechia
|y 19th-21st centuries
|2 eczenas
|
| 650 |
0 |
9 |
|a chambers of trade
|z Czechia
|y 19th-21st centuries
|2 eczenas
|
| 650 |
0 |
9 |
|a professional organizations
|z Czechia
|2 eczenas
|
| 650 |
0 |
9 |
|a professional organizations
|x history
|2 eczenas
|
| 655 |
|
7 |
|a kolektivní monografie
|7 fd501537
|2 czenas
|
| 655 |
|
7 |
|a jubilejní publikace
|7 fd131839
|2 czenas
|
| 655 |
|
9 |
|a collective monographs
|2 eczenas
|
| 655 |
|
9 |
|a jubilee books
|2 eczenas
|
| 700 |
1 |
|
|a Hrdinová, Ivana
|4 aut
|
| 700 |
1 |
|
|a Lukášek, Robert
|7 xx0195722
|4 aut
|
| 910 |
2 |
|
|a BOA001
|b 4-1413.377
|
| 990 |
|
|
|a BK
|
| 995 |
|
|
|a 01
|
| 991 |
|
|
|b 201808
|c NOV
|
| 996 |
6 |
|
|b 2610751479
|c 4-1413.377
|l MZK
|r Sklad / do 1 hodiny
|n 0
|p p.v.
|w 001678925
|u 000010
|a 1
|e BOA001
|j MZK50
|s P
|
| 996 |
7 |
|
|b 2610755394
|c 4-1413.377
|l MZK
|r Sklad / do 1 hodiny
|n 4
|p kup
|w 001678925
|u 000020
|a 1
|e BOA001
|j MZK50
|s A
|